000 00503nam a22001697a 4500
005 20251108174835.0
008 250721s2008 xx 000 0 ara d
082 1 4 _a613.25/عاد
100 1 _aعادل، أيمن محمد
245 1 0 _aأسرع الطرق للتخلص من السمنة والكرش /
264 1 _aالجيزة :
_bمكتبة النافذة،
_c2008.
300 _a143ص.
650 1 7 _aتقليص الوزن
650 1 7 _aالتغذية
942 _2ddc
_cBK
999 _c119435
_d119435